Riadenie zmien v podniku bakalárska práca

Saved in:
Bibliographic Details
Main Author: Tomová, Sofia
Corporate Author: Fakulta podnikového manažmentu EU. Katedra manažmentu
Other Authors: Papulová, Emília
Format: Book
Language:Slovak
Published: Bratislava 2018
Tags: Add Tag
No Tags, Be the first to tag this record!

MARC

LEADER 00000nbm a2200000 4500
001 0244732
005 20180918145005.1
041 0 |a slo 
044 |a SK 
245 1 0 |a Riadenie zmien v podniku  |b bakalárska práca  |c Sofia Tomová ; školiteľ: Emília Papulová 
264 1 |a Bratislava  |c 2018 
300 |a 61 s. 
100 1 |a Tomová, Sofia 
700 1 |a Papulová, Emília 
710 2 |a Fakulta podnikového manažmentu EU. Katedra manažmentu